Bugaj, Ewa. Motywy figuralne na ceramice germańskiego krȩgu kulturowego. - Poznań : Wydawn. Naukowe Uniw. Im. A. Mickiewicza. - 1999 [Rezension]
| Titel: | Bugaj, Ewa. Motywy figuralne na ceramice germańskiego krȩgu kulturowego. - Poznań : Wydawn. Naukowe Uniw. Im. A. Mickiewicza. - 1999 [Rezension] |
|---|---|
| Verfasser: | |
| In: |
Prähistorische Zeitschrift, Band 77 (2002), Seite 251-252 alle Artikel anzeigen |
| Veröffentlicht: | 2002 |
| Format: | Aufsatz |
| Sprache: | Deutsch |
X
alg: 39484004
001A $01999:12-11-16
001B $01999:03-08-21 $t21:03:59.000
001D $01999:12-11-16
001U $0utf8
001X $00
002@ $0Aox
003@ $0394840046
007A $0394840046 $aHEB
007T $0Herd65599
010@ $ager
011@ $a2002
021A $aBugaj, Ewa. Motywy figuralne na ceramice germańskiego krȩgu kulturowego. - Poznań : Wydawn. Naukowe Uniw. Im. A. Mickiewicza. - 1999 [Rezension]
028A $aMaraszek $dRegine
031A $d77 $h251-252 $j2002
039B $aIn $8--Abvc--. Prähistorische Zeitschrift. - Berlin {[u.a.] : de Gruyter, 1909-. - ISSN 0079-4848 $x200200000770000749 $9047249722
039T $8--Aau--Bugaj, Ewa [Tnd]. Motywy figuralne na ceramice germańskiego krȩgu kulturowego. - Poznań : Wydawn. Naukowe Uniw. Im. A. Mickiewicza, 1999. - 344 S.. - Ill., Kt.. - ISBN 83-232-0892-1 $9091234956
045F $a900.9479 $eDDC23BSB
045F/01 $a900
045F/03 $g479
045F/03 $g438
045T $a6,11
lok: 39484004 78
exp: 39484004 78 1 #EPN
201B/01 $018-11-16 $t12:54:14.000
201U/01 $0utf8
203@/01 $079113864X
208@/01 $a12-11-16 $be
209A/01 $a/ $f000 $x00
220C/01 $aTitelaufnehmer: wr
244Z/01 $2Trx $#Baltijos šalys $#kraje bałtyckie $#Baltikum $8--Trx--Baltische Länder $x01 $9391352903
244Z/01 $2Trx $#Poola $#Lenkija $#Polija $#Polen Land $#Poland $#Lengyelország $#Poľsko $#Polsko $8--Trx--Polska$gkraj $x02 $9391345966
244Z/01 $2Trx $#arvustused $#recenzijos $#Reviews $#recenziók $#recenzje $#recenzie $#recenze $8--Trx--Rezensionen $x03 $9391357441
247C/01 $82080>Marburg/Lahn, Herder-Institut, Forschungsbibliothek, Bibliographieportal $9336309341
| LEADER | 00000caa a22000002c 4500 | ||
|---|---|---|---|
| 001 | 394840046 | ||
| 003 | DE-603 | ||
| 005 | 20210803210359.0 | ||
| 007 | tu | ||
| 008 | 161112s2002 xx |||| | u00||u|ger c | ||
| 035 | |a (DE-599)HEB394840046 | ||
| 040 | |a DE-603 |b ger |c DE-603 |d DE-603 | ||
| 041 | |a ger | ||
| 082 | 0 | 4 | |8 1\u |a 900.9479 |q DE-101 |2 23/BSB |
| 084 | |a 6,11 |2 ssgn | ||
| 085 | |8 1\u |b 900 | ||
| 085 | |8 1\u |z 2 |s 479 | ||
| 085 | |8 1\u |z 2 |s 438 | ||
| 100 | 1 | |a Maraszek, Regine | |
| 245 | 0 | 0 | |a Bugaj, Ewa. Motywy figuralne na ceramice germańskiego krȩgu kulturowego. - Poznań : Wydawn. Naukowe Uniw. Im. A. Mickiewicza. - 1999 [Rezension] |
| 264 | 0 | |c 2002 | |
| 773 | 0 | 8 | |i In |t Prähistorische Zeitschrift |d Berlin [u.a.] : de Gruyter, 1909- |x 0079-4848 |g Band 77 (2002), Seite 251-252 |w (DE-603)047249722 |w (DE-600)200096-9 |
| 787 | 0 | 8 | |i Rezension von |a Bugaj, Ewa |t Motywy figuralne na ceramice germańskiego krȩgu kulturowego |d Poznań : Wydawn. Naukowe Uniw. Im. A. Mickiewicza, 1999 |h 344 S., Ill., Kt. |z 8323208921 |w (DE-603)091234956 |
| 924 | 0 | |9 2080 |a (DE-603)79113864X |b DE-2080 |c HES |d d |g / | |


